Kremnické školstvo

Bibliographic Details
Main Author: Križko, Pavol, 1841-1902 (Author)
Format: Article
Language:Slovak

MARC

LEADER 00000nab a2200000uu 4500
001 vtls011515735
003 SK-MaSNL
005 20260305002157.0
008 230302|1899 xo |||||||||||||||||slo|
015 |a SNBRB 
035 |a (urnnbn)urn:nbn:sk:snk:ar-001k8z 
035 |a (uuid)366cbed9-02dd-4d86-a661-dc4c3a25ebc7 
035 |a urn:nbn:sk:snk-abe5bn 
040 |a SNKBUCL  |b slo  |c SNKBUCL  |e AACR2 
041 0 |a slo 
044 |a xo  |c SK 
100 1 |a Križko, Pavol,  |d 1841-1902  |4 aut  |9 197805 
245 1 0 |a Kremnické školstvo  |c Pavel Križko 
773 0 |t Slovenské pohľady  |g Roč. 19, č. 9 (1899), s. [505]-526 
958 |a OND 
958 |a EUIPO 
958 |a article21 
999 |c 3224188  |d 3226118